Thesaurus of English words and phrases :

محفوظ في:

المؤلف الرئيسي: Roget, Peter Mark.

التنسيق: كتاب

اللغة: Undetermined

منشور في: New York : St. Martin's Press, 1963.

الموضوعات:

الوسوم: إضافة وسم

لا توجد وسوم, كن أول من يضع وسما على هذه التسجيلة!

رقم الطلب: (Ref.) PE1591 .R7

LEADER 00690nam a2200157Ia 4500
008 220712s9999||||xx |||||||||||||| ||und||
050 4 |a (Ref.) PE1591 .R7 
100 1 |a Roget, Peter Mark. 
245 1 0 |a Thesaurus of English words and phrases : 
264 1 |a New York :  |b St. Martin's Press,  |c 1963. 
300 |a lii, 1309p. :  |b  ;  |c 23cm. 
555 4 |o (Ref.) PE1591 .R7 
650 4 |a English language Synonyms and antonyms. 
952 |0 0  |1 0  |2 lcc  |3 1963  |4 0  |7 1  |9 41843  |a ARCE  |b ARCE  |d 2022-07-21  |l 0  |o (Ref.) PE1591 .R7  |p 1037181  |r 2022-07-21 00:00:00  |w 2022-07-21  |y BK 
952 |0 0  |1 0  |2 lcc  |3 1979  |4 0  |7 1  |9 50741  |a ARCE  |b ARCE  |d 2023-10-17  |l 0  |o (Ref.) PE1591 .R7  |p 1037182  |r 2023-10-17 00:00:00  |w 2023-10-17 
999 |c 48822  |d 48822